Statistiques concernant Personnages célèbres - Série 05

Cliquez ici pour prendre le quiz!

Statistiques générales

  • Ce quiz a été pris 250 fois
  • Le résultat moyen est 6 sur 15

Statistiques - réponses

Réponse% Correct
Céline Dion
99%
Sophie Marceau
80%
Laurent Voulzy
78%
Serge Lama
58%
Kirk Douglas
47%
Pierre Mondy
47%
Sophia Loren
46%
Georges Marchais
46%
Jean Paul Sartre
39%
Jacques Yves Cousteau
28%
Gina Lollobrigida
28%
Emile Zola
17%
Gérard Oury
15%
Just Fontaine
6%
Alphonse Daudet
4%

Distribution des résultats

Percentile par nombre de réponses

% des personnes avec chaque résultat

Votre développement - résultats

Vous n’avez pas pris ce quiz